• 首页
  • 本馆介绍
  • 公告通知
  • 最新文献
  • 馆藏检索
  • 电子资源
  • 读者导购
  • 参考咨询
  • 我的图书馆
  • 登录
  • 详细信息显示
  • 放入我的书架
  • 预约/预借图书
  • 作者相关作品
  • 分类相关作品
  • 丛书相关作品
  • 出版社相关作品

书目信息

  • 表格格式
  • 工作单格式
  • 卡片格式
题名:
心理学教育学模拟题与解答
    
 
作者: 徐胜三 主编
分册:  
出版信息: 济南   山东教育出版社  1987
页数: 320页
开本: 19cm
丛书名:
单 册:
中图分类: B84-44 , G44-44
科图分类:
主题词: 心理学--高等师范教育--试题
电子资源:
ISBN: 7-5328-0036-9
000 00739nam0 2200253 45
001 0187016416
005 20040424091434.4
010    @a7-5328-0036-9@dCNY1.50
100    @a19960201d1987 em y0chiy0121 ea
101 0  @achi
102    @aCN@b370000
105    @ay z 000yy
106    @ar
200 10 @a心理学教育学模拟题与解答@Axin li xue jiao yu xue mo ni ti yu jie da@f徐胜三主编
210    @a济南@c山东教育出版社@d1987
215    @a320页@d19cm
300    @a中学《专业合格证书》文化专业知识考试用
606    @a心理学@x高等师范教育@x试题
690    @aB84-44@v3
690    @aG44-44
701  0 @a徐胜三@4主编@Axu sheng san
801  0 @aCN@b深圳图书馆@c20040424
801  2 @aCN@bNLC@c20040424
905    @f2@b260555-556@dG44-44@e52
    
    心理学教育学模拟题与解答/徐胜三主编.-济南:山东教育出版社,1987
    320页;19cm
    中学《专业合格证书》文化专业知识考试用
    
    ISBN 7-5328-0036-9:CNY1.50
    
●
相关链接 在E读中查询图书 在五车中查询图书 在当当中查询图书 在豆瓣中查询图书


正题名:心理学教育学模拟题与解答     索取号:G44-44/52         预约/预借

序号 登录号 条形码 馆藏地/架位号 状态 备注
1 0260554   000456599   第一样本阅览室/ [索取号:G44-44/52] 在馆    
2 0260555   000456580   密集书库/ [索取号:G44-44/52] 在馆    
3 0260556   000456526   密集书库/ [索取号:G44-44/52] 在馆    
唐山师范学院图书馆 欢迎您!
大连网信软件有限公司© 版权所有